ბათუმის შოთა რუსთაველის სახელმწიფო უნივერსიტეტის ბიბლიოთეკა

ავტომობილებისა და ტრაქტორების ელექტრომოწყობილობა : (ბიბ.ჩანაწერი № 39186)

000 -ლიდერი
ფიქსირებული სიგრძის საკონტროლო ველი 00975nam a2200205Ia 4500
001 - საკონტროლო ნომერი
საკონტროლო ველი 5771
003 - საკონტროლო ნომრის იდენტიფიკატორი
საკონტროლო ველი GE_BSU
005 - ბოლო ოპერაციის თარიღი და დრო
საკონტროლო ველი 20190531174929.0
008 - ფიქსირებული სიგრძის მონაცემთა ელემენტები - ზოგადი ინფორმაცია
ფიქსირებული სიგრძის საკონტროლო ველი 181216s1964||||ge |||||||||||||| ||geo||
040 ## - კატალოგიზაციის წყარო
Transcribing agency GE_BSU
041 ## - ენის კოდი
Language code of text/sound track or separate title geo
080 ## - უნივერსალური ათობითი კლასიფიკაციის ინდექსი
Universal Decimal Classification number 629.113/.114 პ-33
100 ## - მთავარი ჩანაწერი - პიროვნების სახელი
Personal name პეტრიაშვილი, დ.
9 (RLIN) 1913
245 ## - ცნობა სათაურის შესახებ
Title ავტომობილებისა და ტრაქტორების ელექტრომოწყობილობა :
Remainder of title დამხმ. სახელმძღ. /
Statement of responsibility, etc დ. პეტრიაშვილი ; რედ. ო. სადრაძე.
264 ## - წარმოების, გამოცემის, დისტრიბუციის და სხვა ცნობები
გამოცემის, წარმოების, დისტრიბუციის... ადგილი თბილისი :
გამოცემის, წარმოების, დისტრიბუციის... სახელწოდება ცოდნა,
გამოცემის, წარმოების, დისტრიბუციის... თარიღი 1964.
300 ## - ფიზიკური აღწერა
Extent 105 გვ. :
Other physical details ილ.;
Dimensions 20 სმ.
653 ## - INDEX TERM--UNCONTROLLED
Uncontrolled term ავტომობილებისა და ტრაქტორების ელექტრომოწყობილობა
700 ## - ADDED ENTRY--PERSONAL NAME
Personal name ო. სადრაძე
Relator term რედაქტორი
9 (RLIN) 1914
942 ## - ADDED ENTRY ELEMENTS (KOHA)
Koha item type წიგნი
Source of classification or shelving scheme
ეგზემპლარები
ჩამოწერის სტატუსი დაკარგული ეგზემპლარის სტატუსი კლასიფიკაციის წყარო ან თაროზე გაწყობის სქემა დაზიანების სტატუსი არ გაიცემა მუდმივი მდებარეობა (დაცვის ადგილი) ამჟამინდელი ადგილსამყოფელი თაროზე განთავსების ადგილი შეძენის თარიღი ღირებულება, შესყიდვის ნორმალური ფასი სრული შენახვის შიფრი შტრიხკოდი ბოლო ოპერაციის თარიღი ეგზემპლარის მიმდევრობითი ნომერი (კეტერი?) ფასის ძალაში შესვლის თარიღი ეგზემპლარის სახეობა საჯარო შენიშვნა
          ტექნოლოგიური ფაკულტეტის ბიბლიოთეკა ტექნოლოგიური ფაკულტეტის ბიბლიოთეკა წიგნსაცავი 2018-12-17 0.54 629.113/.114 პ-33 12033 2018-12-17 12033 2018-12-17 წიგნი 0.54
          ტექნოლოგიური ფაკულტეტის ბიბლიოთეკა ტექნოლოგიური ფაკულტეტის ბიბლიოთეკა წიგნსაცავი 2018-12-17 0.54 629.113/.114 პ-33 12034 2018-12-17 12034 2018-12-17 წიგნი 0.54 ლ.
          ტექნოლოგიური ფაკულტეტის ბიბლიოთეკა ტექნოლოგიური ფაკულტეტის ბიბლიოთეკა წიგნსაცავი 2018-12-17 0.54 629.113/.114 პ-33 12035 2018-12-17 12035 2018-12-17 წიგნი 0.54 ლ.